Statistiken für Größte Fußballvereine Thüringens. (Aktuell)

Klicken Sie hier um das Quiz zu spielen!

Allgemein

  • Dieses Quiz wurde 80 mal gespielt
  • Das Durchschnittsergebnis liegt bei 3 aus 5

Antwortstatistiken

LigaVerein% Korrekt
4.LigaFC Rot Weiß Erfurt
99%
4.LigaFC Carl Zeiss Jena
97%
4.LigaZFC Meuselwitz
32%
5.LigaFC Einheit Rudolstadt
15%
5.LigaSV 09 Arnstadt
14%

Verteilung der Resultate

Perzentil nach korrekt beantworteten Fragen

Anzahl Personen mit jedem Resultat

Ihre Resultats-Entwicklung

Sie haben dieses Quiz noch nicht gespielt